Schleswig-Holstein Standortpolitik in schwieriger Zeit

Guardado en:
Detalles Bibliográficos
Autor principal: Dohse, Dirk
Otros Autores: Krieger-Boden, Christiane, Soltwedel, Rüdiger
Formato: Libro
Lenguaje:alemán
Publicado: Kiel Institut für Weltwirtschaft 1996
Edición:1. Aufl.
Colección:Kieler Diskussionsbeiträge 272
Materias:
Etiquetas: Agregar Etiqueta
Sin Etiquetas, Sea el primero en etiquetar este registro!

MARC

LEADER 00000nam a2200000 4500
001 c014215
005 20250509100636.3
020 |a 3-89456-118-1 
041 0 |a ger 
044 |a DE 
245 1 0 |a Schleswig-Holstein  |b Standortpolitik in schwieriger Zeit  |c Dirk Dohse, Christiane Krieger-Boden, Rüdiger Soltwedel 
250 |a 1. Aufl. 
264 1 |a Kiel  |b Institut für Weltwirtschaft  |c 1996 
300 |a 47 s. 
490 1 |a Kieler Diskussionsbeiträge  |v 272 
830 0 |a Kieler Diskussionsbeiträge  |v 272 
610 2 0 |a politika regionálna 
610 2 0 |a politika finančná 
610 2 0 |a podnikatelia 
610 2 0 |a zmeny štruktúrne 
610 2 0 |a politika komunálna 
610 2 0 |a technológia 
610 2 0 |a telekomunikácie 
610 2 0 |a plánovanie 
610 2 0 |a ochrana prostredia životného 
610 2 0 |a Nemecko 
100 1 |a Dohse, Dirk 
700 1 |a Krieger-Boden, Christiane 
700 1 |a Soltwedel, Rüdiger